Normal view
MARC view
Entry Término temático
001 - NÚMERO DE CONTROL
- campo de control: 39557
003 - IDENTIFICADOR DEL NÚMERO DE CONTROL
- campo de control: OSt
005 - FECHA Y HORA DE LA ÚLTIMA TRANSACCIÓN
- campo de control: 20200615033721.0
008 - DATOS DE LONGITUD FIJA
- campo de control de longitud fija: 200615|| aca||aabn | a|a d
040 ## - FUENTE DE LA CATALOGACIÓN
- Centro catalogador/agencia de origen: OSt
- Centro/agencia transcriptor: OSt
150 ## - ENCABEZAMIENTO--TÉRMINO DE MATERIA
- Término de materia o nombre geográfico como elemento de entrada: LOITERATURA ESTADOUNIDENSE
- Subdivisión cronológica: SIGLO XX
670 ## - FUENTE DE DATOS ENCONTRADOS
- Cita de la fuente: Work cat.: (OSt)17785: Buck, Pearl S. (Pearl Sydenstricker), 1892-1973 11588, The good earth /, 1944.
